Call of Duty: Zombies all Perks - Statistics

General Stats
  • This quiz has been taken 152 times
  • The average score is 16 of 28
Answer Stats
Abilities Perk % Correct
Gives Additional Health Jugger-Nog
98%
Boosts downed Teammate Revive Time Quick Revive
98%
Doubles fire rate, in Black Ops II, it was given a boost to double damage Double Tap
95%
Boosts ammo reload and barricade repair Speed Cola
95%
Doubles sprint speed and cooldown Stamin-Up
94%
Carry an additional 3rd weapon Mule Kick
93%
Allows the Player to dolphin dive onto zombies to create an explosion, immune to fall and explosive damage PhD Flopper
93%
When reloading, the player will discharge a shock of electricity (*) Electric Cherry
86%
Upon death, next round, will spawn a powerup that saves all your perks and weapons Tombstone Soda
82%
Gives the player a special type of web grenade, that also protects the player (*) Widow's Wine
78%
Upon being downed, the player will transform into a vulnerable ghost that can revive themselves (often regarded as the worst perk) (*) Who's Who
77%
Increases hip-fire accuracy, decreases gun recoil, adjusts aim assist to aim at head Deadshot Daiquiri
75%
Allows the player to see various wall weapons, perks, mystery boxes and pack punch through walls, and make zombies drop a protective gas and points/ammo (*) Vulture Aid Elixir
67%
For 1500 points, will create a random perk Der Wunderfizz
59%
Identical to Perk #5, however instead, its uses are though sliding PhD Slider
54%
Every 30 seconds when firing a gun, gives a random boost to a weapon Elemental Pop
47%
Allows the player to see zombies through walls (*) Death Perception
45%
Summon a powerful wolf companion to slay zombies for 45 seconds Blood Wolf Bite
24%
When hit by zombie, discharge a powerful frost blast Winter's Wail
24%
When standing your ground, a defensive circle surrounds the player which boosts armor and damage Stone Cold Stronghold
23%
Carry increased ammo stock Bandolier Bandit
22%
Instead of entering a downed state, the player goes in an invulnerable "Berserk" phase Dying Wish
22%
Shield will take damage instead of health Victorious Tortoise
21%
When crouching, this perk builds up charge, upon release, the player goes at high speed, killing zombies they touch Blaze Phase
20%
Upgrades melee, instantly kill basic zombies Ethereal Razor
20%
Cooldown on almost all upgradable machines, specialist weapons, mystery box and traps Timeslip
20%
Receive a random perk that isn't in the player's arsenal Secret Sauce
19%
Creates a poison field where zombies are slowed and killed Zombshell
14%
No matching quizzes found
Score Distribution
Percent of People with Each Score
Percentile by Number Answered
Your Score History
You have not taken this quiz